000 00303nam a2200109Ia 4500
008 200302s9999 xx 000 0 und d
100 _aAmitabh
245 _aUrban land markets and land price changes A study in the third world context
260 _bAshgate Publishing Ltd
260 _c1997
300 _a311
999 _c6032
_d6032